Traditional healers and the Shona patient / (Record no. 27828)
[ view plain ]
| 000 -LEADER | |
|---|---|
| fixed length control field | 00583nam a2200217Ia 4500 |
| 003 - CONTROL NUMBER IDENTIFIER | |
| control field | 0100 |
| 005 - DATE AND TIME OF LATEST TRANSACTION | |
| control field | 20180308143900.0 |
| 008 - FIXED-LENGTH DATA ELEMENTS--GENERAL INFORMATION | |
| fixed length control field | 130303s9999 xx 000 0 und d |
| 040 ## - CATALOGING SOURCE | |
| Transcribing agency | ARRUPELIB |
| 050 ## - LIBRARY OF CONGRESS CALL NUMBER | |
| Classification number | DT962.42.C49 |
| 300 ## - PHYSICAL DESCRIPTION | |
| Other physical details | 139p. 22cm |
| 100 ## - MAIN ENTRY--PERSONAL NAME | |
| Personal name | Chavunduka, G.L |
| 9 (RLIN) | 14788 |
| 245 ## - TITLE STATEMENT | |
| Title | Traditional healers and the Shona patient / |
| 260 ## - PUBLICATION, DISTRIBUTION, ETC. (IMPRINT) | |
| Place of publication, distribution, etc | Gwelo, Rhodesia |
| Name of publisher, distributor, etc | Mambo Press |
| Date of publication, distribution, etc | 1978 |
| 300 ## - PHYSICAL DESCRIPTION | |
| Extent | xi |
| 650 ## - SUBJECT ADDED ENTRY--TOPICAL TERM | |
| Topical term following geographic name as entry element | Shona (African people) |
| General subdivision | Medicine |
| 9 (RLIN) | 26443 |
| 650 ## - SUBJECT ADDED ENTRY--TOPICAL TERM | |
| Topical term or geographic name as entry element | Healers |
| Geographic subdivision | Zimbabwe |
| 9 (RLIN) | 26444 |
| 700 ## - ADDED ENTRY--PERSONAL NAME | |
| Personal name | G.L Chavunduka |
| 9 (RLIN) | 26445 |
| 942 00 - ADDED ENTRY ELEMENTS (KOHA) | |
| Koha issues (borrowed), all copies | 1 |
| Source of classification or shelving scheme | Library of Congress Classification |
| Koha item type | Monograph ( Printed materials) |
| Withdrawn status | Lost status | Source of classification or shelving scheme | Damaged status | Not for loan | Collection code | Home library | Current library | Date acquired | Total Checkouts | Full call number | Barcode | Date last seen | Date checked out | Copy number | Price effective from | Koha item type | Shelving location |
|---|---|---|---|---|---|---|---|---|---|---|---|---|---|---|---|---|---|
| Library of Congress Classification | Main Collection | ARRUPE LIBRARY | ARRUPE LIBRARY | 04/03/2013 | 13 | DT962.42.C49 | 46003093273 | 03/10/2024 | 05/02/2024 | 1 | 04/03/2013 | Monograph ( Printed materials) | |||||
| Library of Congress Classification | Main Collection | ARRUPE LIBRARY | ARRUPE LIBRARY | 04/10/2016 | 9 | DT962.42.C49 | 46500010647 | 20/01/2026 | 04/06/2025 | 2 | 04/10/2016 | Monograph ( Printed materials) | Main Collection |